LEADER 01370nam2-2200397---450- 001 990003026010203316 005 20071130153646.0 010 $a978-1-4073-0126-6 035 $a000302601 035 $aUSA01000302601 035 $a(ALEPH)000302601USA01 035 $a000302601 100 $a20071130d2007----km-y0itay50------ba 101 0 $aeng 102 $aGB 105 $aa|||z|||001yy 200 1 $aLithic raw material variability and the reduction of short-term-use implements$ean example from northwestern New Mexico$fHarry Joseph Lerner 210 $aOxford$cArchaeopress$d2007 215 $aIX, 170 p.$cill.$d30 cm. 225 2 $aBAR international series$v1688$1001000018484$12001 410 0$12001$aBAR international series 461 1$1001-------$12001 606 0 $aScavi archeologici$yNew Mexico 606 0 $aStrumenti di pietra$yNew Mexico 676 $a978.9 700 1$aLERNER,$bHarry Joseph$0599487 801 0$aIT$bsalbc$gISBD 912 $a990003026010203316 951 $aXI.5. Coll. 12/ 356$b203355 L.M.$cXI.5. Coll.$d00162333 959 $aBK 969 $aUMA 979 $aRIVELLI$b90$c20071130$lUSA01$h1535 979 $aRIVELLI$b90$c20071130$lUSA01$h1536 979 $aCHIARA$b90$c20160208$lUSA01$h1406 996 $aLithic raw material variability and the reduction of short-term-use implements$91025597 997 $aUNISA